00889nam a2200217 i 4500001000700000003000900007005001700016007000300033008004100036080002100077100003800098245015400136260005500290300002200345490004200367650004900409830005000458852002200508999001900530952012200549107264ES-MaACL20240509185815.0t|061121s1967 sp r ||||1| spa d a271:262.5 Vat.II1 aMorán, José c(O.S.A.)98310310aSellados para la santidad : b[comentario teológico-agustiniano al decreto Perfectal Caritatis del Concilio Vaticano II] / cJosé Morán, O.S.A. aValladolid : b[s.n.], c1967 (fGráf. Lafalpoo) a248 p. ; c21 cm.1 aArchivo Teológico Agustiniano ; v7 4aÓrdenes y congregaciones religiosas9157471 aArchivo Teológico Agustiniano ; v792328844 aES-MaACLjC-32432 c107264d107264 00104070aATENEOMbATENEOMcDEPO2d2008-01-17eSCl0oC-32432p1111953r2023-02-23 00:00:00w2023-02-23yMONOGRAFIA